Wszystkie wsie w powiecie rzeszowskim - Statystyki

Ogólne statystyki
  • Ten quiz został rozwiązany 26 razy
  • Średni wynik to 30 z 87
Statystyki odpowiedzi
Hint Odpowiedź % Poprawnych
Jasionka
80%
Gmina Krasne Krasne
80%
Gmina Lubenia Lubenia
80%
Gmina Kamień Kamień
75%
Gmina Świlcza Świlcza
75%
Hermanowa
70%
Lutoryż
70%
Gmina Trzebownisko Trzebownisko
70%
Gmina Hyżne Hyżne
65%
Kielnarowa
60%
Malawa
60%
Trzciana
60%
Nowy Borek
55%
Błażowa Dolna
50%
Gmina Tyczyn Borek Stary
50%
Mogielnica
50%
Nowa Wieś
50%
Siedliska
50%
Błażowa Górna
45%
Gmina Błażowa Futoma
45%
Kąkolówka
45%
Kielanówka
45%
Łąka
45%
Racławówka
45%
Rudna Mała
45%
Rudna Wielka
45%
Straszydle
45%
Strażów
45%
Bratkowice
40%
Dylągówka
40%
Lecka
40%
Palikówka
40%
Piątkowa
40%
Białka
35%
Gmina Chmielnik Borówki
35%
Dąbrowa
35%
Grzegorzówka
35%
Łukawiec
35%
Mrowla
35%
Nosówka
35%
Tajęcina
35%
Zabratówka
35%
Zaczernie
35%
Gmina Boguchwała Zarzecze
35%
Budy Głogowskie
30%
Stobierna
30%
Wola Zgłobieńska
30%
Woliczka
30%
Harta
25%
Lipie
25%
Łowisko
25%
Nowy Kamień
25%
Pawłokoma
25%
Sołonka
25%
Trzeboś
25%
Wola Rafałowska
25%
Wólka Podleśna
25%
Wysoka Głogowska
25%
Zgłobień
25%
Gmina Dynów Bachórz
20%
Błędowa Tyczyńska
20%
Błędowa Zgłobieńska
20%
Dylągowa
20%
Górno
20%
Łubno
20%
Niechobrz
20%
Przewrotne
20%
Gmina Głogów Małopolski Rogoźnica
20%
Szklary
20%
Terliczka
20%
Ulanica
20%
Dąbrówka Starzeńska
15%
Hucisko
15%
Gmina Sokołów Małopolski Nienadówka
15%
Podgwizdów Stary
15%
Wólka Sokołowska
15%
Zabajka
15%
Brzezówka
10%
Laskówka
10%
Styków
10%
Trzebuska
10%
Wola Cicha
10%
Wólka Hyżnieńska
10%
Wólka Niedźwiedzka
10%
Wyręby
10%
Turza
5%
Markowizna
0%
Nie znaleziono quizów pasujących do podanych kryteriów
Rozkład punktacji
Procent ludzi z każdym wynikiem
Percentyl według liczby udzielonych odpowiedzi
Twoja historia wyników
Nie rozwiązałeś tego quizu